000 00613nam a22001697a 4500
003 OSt
005 20260422053801.0
008 250730b |||||||| |||| 00| 0 eng d
020 _a9004122990
040 _aDWCL-Main lib
_cOC
082 _aCirc. 300.94 C968 2003
100 _aArts, Wil
245 _a The cultural diversity of Euyropean unity :
_bfindings, explanations and reflections from the European values study/
_cWil Arts
260 _aLeiden, The Netherlands :
_bKoninklijke Brill,
_cc2003.
300 _axvii, 492 pages ;
_b European volume studies; v. 6)
_c 24 cm.
942 _2ddc
_cBK-CIRC
_kCirc.
_n0
999 _c3902
_d3902